[Event "España ch 2010 sub-14"]
[Site "Linares ESP"]
[Date "2010.07.13"]
[Round "2.22"]
[White "Garcia Acosta, Roger"]
[Black "Ligero Martinez, Jesus"]
[Result "1-0"]
[WhiteElo "1857"]
[BlackElo "1709"]
[PlyCount "69"]
[EventDate "2010.07.13"]
[EventType "swiss"]
[EventRounds "9"]
[EventCountry "ESP"]
[Source "lmi"]
[SourceDate "2010.07.13"]

1. e4 e5 2. Nf3 Nc6 3. Bb5 a6 4. Ba4 d6 5. O-O Nf6 6. Re1 Bd7 7. c3 Be7 8. h3
O-O 9. d4 b5 10. Bc2 Re8 11. Nbd2 Bf8 12. Nf1 h6 13. Ng3 g5 14. b3 Bg7 15. Bb2
Rb8 16. Rc1 Nh7 17. Ba1 Nf8 18. Nf5 Ng6 19. Nh2 Nge7 20. Qh5 Nxf5 21. exf5 Ne7
22. f6 Bxf6 23. dxe5 Bxe5 24. Qxh6 Nf5 25. Bxf5 Bxf5 26. Nf3 Bf4 27. Rxe8+ Qxe8
28. c4 Be5 29. Qxg5+ Bg6 30. Nxe5 dxe5 31. Bxe5 bxc4 32. Qf6 Kf8 33. Re1 Qb5
34. bxc4 Qb4 35. Bd6+ 1-0

[Event "España ch 2010 sub-14"]
[Site "Linares ESP"]
[Date "2010.07.13"]
[Round "2.23"]
[White "Lopez Caudevilla, David"]
[Black "Shen, Yue"]
[Result "0-1"]
[WhiteElo "1635"]
[BlackElo "1849"]
[PlyCount "122"]
[EventDate "2010.07.13"]
[EventType "swiss"]
[EventRounds "9"]
[EventCountry "ESP"]
[Source "lmi"]
[SourceDate "2010.07.13"]

1. d4 Nf6 2. Nc3 g6 3. e4 d6 4. Nf3 Bg7 5. Bd3 O-O 6. O-O c5 7. dxc5 dxc5 8.
Be3 Qa5 9. h3 Nc6 10. Qc1 Rd8 11. Bh6 Bh8 12. Rd1 a6 13. Nd2 Qc7 14. Nf3 b5 15.
Bf4 Qa5 16. a3 Bb7 17. Re1 Nd4 18. Nxd4 cxd4 19. Na2 Rac8 20. Qd2 Qb6 21. Nc1
Nd7 22. Nb3 Ne5 23. Qa5 Qe6 24. Qb4 Nc4 25. Nc5 Qb6 26. Bxc4 Qxc5 27. Qxc5 Rxc5
28. Bd3 e5 29. Bd2 Bc8 30. Bb4 Rc6 31. a4 bxa4 32. Rxa4 Bg7 33. Rea1 Bf8 34.
Bxf8 Kxf8 35. Kf1 Rdd6 36. Ra5 f6 37. Ke2 Ke7 38. Kd2 Ke6 39. R1a4 f5 40. Rc4
fxe4 41. Rxc6 Rxc6 42. Bxe4 Rb6 43. b3 Rb5 44. Rxb5 axb5 45. Bc6 b4 46. Bb5 Bb7
47. g3 g5 48. Kd3 Kd5 49. Bc4+ Kc5 50. Ke2 e4 51. Bg8 h6 52. Be6 Kd6 53. Bg4
Ke5 54. Kd2 Bd5 55. Be2 Bf7 56. Bd1 Be6 57. h4 gxh4 58. gxh4 Kf4 59. Bh5 Bg4
60. Bg6 Bf3 61. Ke1 h5 0-1

[Event "España ch 2010 sub-14"]
[Site "Linares ESP"]
[Date "2010.07.13"]
[Round "2.25"]
[White "Prado Acebo, Ines"]
[Black "Ventura Bolet, Maxim"]
[Result "1/2-1/2"]
[WhiteElo "1552"]
[BlackElo "1846"]
[PlyCount "188"]
[EventDate "2010.07.13"]
[EventType "swiss"]
[EventRounds "9"]
[EventCountry "ESP"]
[Source "lmi"]
[SourceDate "2010.07.13"]

1. d4 Nf6 2. Nf3 e6 3. c4 Bb4+ 4. Bd2 a5 5. a3 Be7 6. Nc3 d5 7. Bg5 c6 8. e3
Nbd7 9. Rc1 O-O 10. Bd3 Re8 11. O-O Nf8 12. Qc2 Nh5 13. Bxe7 Qxe7 14. Rfe1 Qd8
15. Ne2 Nf6 16. Nf4 Ng6 17. Nxg6 hxg6 18. Ne5 Rf8 19. Qe2 Qd6 20. cxd5 exd5 21.
Rc5 Re8 22. Rec1 Nd7 23. Nxd7 Bxd7 24. Qf3 Qf6 25. Qg3 Rec8 26. h3 Bf5 27. Be2
Qe7 28. Qf4 Be6 29. Bd3 Qf6 30. Qxf6 gxf6 31. R1c3 a4 32. g4 Re8 33. Rc1 f5 34.
g5 Kf8 35. f4 Ke7 36. Kf2 Kd6 37. Kf3 Bd7 38. R5c2 Rac8 39. Rc5 Ra8 40. R5c2
Rec8 41. Be2 b6 42. h4 c5 43. dxc5+ Rxc5 44. Kf2 Rac8 45. Rxc5 bxc5 46. h5 gxh5
47. Bxh5 Be6 48. Kg3 Rb8 49. Rc2 Rb3 50. Kf2 Rb8 51. Kg2 c4 52. Bd1 Kc5 53. Rd2
Bd7 54. Bf3 Bc6 55. Kg3 Rb3 56. Kf2 c3 57. bxc3 Rxa3 58. Rc2 Rb3 59. Bh5 Be8
60. Be2 a3 61. Bd3 Rb2 62. Rxb2 axb2 63. Ke1 Bb5 64. Bxf5 Kc4 65. Kd2 Ba4 66.
Bb1 Kc5 67. f5 Kd6 68. g6 fxg6 69. fxg6 Ke7 70. Kd3 Kf6 71. Kd4 Bb3 72. Kc5 Ba4
73. Kxd5 Be8 74. Kd4 Bxg6 75. e4 Ke6 76. c4 Kd7 77. Kc3 Kc6 78. Kxb2 Bf7 79.
Kc3 Kc5 80. Bd3 Be6 81. e5 Bd7 82. Kd2 Kd4 83. c5 Kxe5 84. Kc3 Bc6 85. Kb4 Ke6
86. Ka5 Ke7 87. Kb6 Bf3 88. Kc7 Bg4 89. Be4 Bd7 90. Bc6 Bg4 91. Kb8 Kd8 92. Bd5
Bd7 93. Kb7 Ba4 94. Bc6 Bd1 1/2-1/2

[Event "España ch 2010 sub-14"]
[Site "Linares ESP"]
[Date "2010.07.14"]
[Round "3.1"]
[White "Buendia Pinar, Alvaro"]
[Black "Suarez Garcia, Carlos"]
[Result "0-1"]
[WhiteElo "1905"]
[BlackElo "2200"]
[PlyCount "72"]
[EventDate "2010.07.13"]
[EventType "swiss"]
[EventRounds "9"]
[EventCountry "ESP"]
[Source "lmi"]
[SourceDate "2010.07.13"]

1. d4 Nf6 2. c4 g6 3. Nc3 Bg7 4. e4 d6 5. Nf3 O-O 6. h3 c5 7. d5 b5 8. cxb5 a6
9. bxa6 Bxa6 10. Bxa6 Rxa6 11. Qe2 Qb6 12. O-O Nbd7 13. Nd2 Rb8 14. Nc4 Qa7 15.
Bd2 Ne8 16. a3 Nb6 17. Nb5 Qd7 18. Nxb6 Raxb6 19. a4 Bxb2 20. Ra2 Bg7 21. Qc4
Ra8 22. f4 Qb7 23. Be3 Qa6 24. Rff2 Nc7 25. Bxc5 dxc5 26. Qxc5 Ne8 27. Rfc2 Qb7
28. e5 Rd8 29. Rd2 Rc8 30. Qb4 Bf8 31. Rab2 Nc7 32. d6 Nxb5 33. axb5 exd6 34.
exd6 Rd8 35. Qc3 Rbxd6 36. Re2 Bg7 0-1

[Event "España ch 2010 sub-14"]
[Site "Linares ESP"]
[Date "2010.07.14"]
[Round "3.2"]
[White "Montoliu Cervero, Francisco"]
[Black "Arellano Pardo, Martin"]
[Result "1-0"]
[WhiteElo "2153"]
[BlackElo "1878"]
[PlyCount "123"]
[EventDate "2010.07.13"]
[EventType "swiss"]
[EventRounds "9"]
[EventCountry "ESP"]
[Source "lmi"]
[SourceDate "2010.07.13"]

1. e4 Nf6 2. e5 Nd5 3. d4 d6 4. c4 Nb6 5. exd6 exd6 6. Nc3 Be7 7. Be2 O-O 8.
Nf3 Bf5 9. O-O c6 10. h3 N8d7 11. b3 Bf6 12. Bf4 d5 13. c5 Nc8 14. Qd2 h6 15.
Rac1 Re8 16. g4 Bh7 17. b4 a6 18. a4 g5 19. Bg3 Nf8 20. Bd3 Bxd3 21. Qxd3 Ne6
22. Ne2 Ne7 23. Ne1 Ng6 24. Ng2 Ng7 25. Rc2 Ne6 26. Rd1 Bg7 27. Ne3 Qf6 28. Nf5
Bf8 29. Rf1 Kh7 30. f4 gxf4 31. Nxf4 Ngxf4 32. Bxf4 Qg6 33. Qg3 Bg7 34. Rd2
Nxf4 35. Qxf4 Re4 36. Qf2 Re6 37. Nd6 Rf6 38. Qg2 Rxf1+ 39. Qxf1 Rf8 40. Kh2
Qg5 41. Qf2 Qg6 42. Kg3 Kg8 43. Qf5 Qxf5 44. gxf5 Rb8 45. a5 Bf8 46. Re2 Bxd6+
47. cxd6 Kg7 48. Kf4 Kf6 49. h4 Rd8 50. Re7 Rg8 51. Rxb7 Rg1 52. d7 Ke7 53. f6+
Kd8 54. Ra7 Rf1+ 55. Ke5 Re1+ 56. Kd6 Re6+ 57. Kc5 Rxf6 58. Rxa6 Kxd7 59. Ra7+
Kc8 60. a6 Kb8 61. Rd7 Kc8 62. a7 1-0

[Event "España ch 2010 sub-14"]
[Site "Linares ESP"]
[Date "2010.07.14"]
[Round "3.3"]
[White "Perez Cabas, Jose"]
[Black "Escudero Manzano, Alejandro"]
[Result "0-1"]
[WhiteElo "1873"]
[BlackElo "2125"]
[PlyCount "92"]
[EventDate "2010.07.13"]
[EventType "swiss"]
[EventRounds "9"]
[EventCountry "ESP"]
[Source "lmi"]
[SourceDate "2010.07.13"]

1. e4 c5 2. Nf3 e6 3. d4 cxd4 4. Nxd4 a6 5. Nc3 b5 6. Bd3 Qb6 7. Be3 Bc5 8.
Nce2 Nc6 9. Nxc6 Bxe3 10. fxe3 dxc6 11. O-O Qxe3+ 12. Kh1 Nf6 13. Rf3 Qc5 14.
Nf4 e5 15. Ne2 Bg4 16. Rg3 Bh5 17. Qg1 Qxg1+ 18. Kxg1 O-O 19. h3 Rad8 20. Nc3
Bg6 21. b4 Rd4 22. a3 Nh5 23. Re3 Nf4 24. Kf2 Rfd8 25. Rd1 f6 26. h4 Bh5 27.
Rd2 Kf8 28. g3 Ne6 29. Ne2 R4d6 30. Nc3 Nd4 31. Be2 Nxe2 32. Rxd6 Rxd6 33. Nxe2
Rd2 34. c3 Ra2 35. Ke1 Bxe2 36. Rxe2 Rxa3 37. Rc2 Ke7 38. Kd2 Ra1 39. Ke3 a5
40. bxa5 Rxa5 41. g4 Ra3 42. Kf2 Ke6 43. g5 f5 44. c4 b4 45. Rb2 c5 46. Rd2
fxe4 0-1

[Event "España ch 2010 sub-14"]
[Site "Linares ESP"]
[Date "2010.07.14"]
[Round "3.4"]
[White "Ordoñez Torres, Maria Del Carme"]
[Black "Gutierrez Valero, Mario"]
[Result "0-1"]
[WhiteElo "1871"]
[BlackElo "2071"]
[PlyCount "112"]
[EventDate "2010.07.13"]
[EventType "swiss"]
[EventRounds "9"]
[EventCountry "ESP"]
[Source "lmi"]
[SourceDate "2010.07.13"]

1. e4 c5 2. Nf3 Nc6 3. d4 cxd4 4. Nxd4 Nf6 5. Nc3 e5 6. Ndb5 d6 7. Bg5 a6 8.
Na3 b5 9. Nd5 Be7 10. Nxe7 Nxe7 11. Bxf6 gxf6 12. Qd2 Bb7 13. O-O-O Bxe4 14.
Qxd6 Qxd6 15. Rxd6 f5 16. f3 Bc6 17. c4 b4 18. Nc2 a5 19. Ne3 Rc8 20. Be2 O-O
21. Rhd1 Kg7 22. b3 f4 23. Nc2 Nf5 24. R6d2 Kf6 25. Kb2 h5 26. Bd3 Rg8 27. a3
bxa3+ 28. Kxa3 h4 29. Be4 h3 30. gxh3 Bxe4 31. fxe4 Nh4 32. Rd6+ Kg5 33. R6d5
f6 34. Rxa5 Nf3 35. Ra6 Rcf8 36. c5 Kh5 37. c6 Nxh2 38. c7 Rc8 39. Rc6 Rg7 40.
Rxf6 Rcxc7 41. Rf5+ Kh4 42. Nb4 Ra7+ 43. Kb2 Rg2+ 44. Kb1 Rb7 45. Nd3 Rxb3+ 46.
Ka1 f3 47. Nxe5 f2 48. Nd3 f1=Q 49. Rf4+ Qxf4 50. Nxf4 Rf2 51. Ng6+ Kxh3 52.
Rd7 Rg3 53. Rh7+ Kg2 54. Nh4+ Kh1 55. Rb7 Rg1+ 56. Rb1 Rxb1+ 0-1

[Event "España ch 2010 sub-14"]
[Site "Linares ESP"]
[Date "2010.07.14"]
[Round "3.5"]
[White "Shen, Yue"]
[Black "Forsberg Conde, Martin"]
[Result "1-0"]
[WhiteElo "1849"]
[BlackElo "2010"]
[PlyCount "153"]
[EventDate "2010.07.13"]
[EventType "swiss"]
[EventRounds "9"]
[EventCountry "ESP"]
[Source "lmi"]
[SourceDate "2010.07.13"]

1. e4 e5 2. Nf3 Nc6 3. Bb5 a6 4. Bxc6 dxc6 5. Nc3 Bd6 6. d4 exd4 7. Qxd4 f6 8.
Be3 Ne7 9. O-O-O Be6 10. Qd2 O-O 11. Bf4 Bxf4 12. Qxf4 Ng6 13. Qg3 Qe7 14. Nd4
Ne5 15. Nxe6 Qxe6 16. f4 Nc4 17. Kb1 Rad8 18. Rhe1 Qe7 19. b3 Qb4 20. Rd3 Na3+
21. Kb2 Nb5 22. Nxb5 axb5 23. Rxd8 Rxd8 24. Re2 Ra8 25. c3 Qa3+ 26. Kb1 Rd8 27.
Qe1 Qd6 28. Qc1 c5 29. e5 Qe6 30. Qe3 Qf5+ 31. Qe4 Qxe4+ 32. Rxe4 fxe5 33. Rxe5
b6 34. Kc2 Ra8 35. Kb2 Kf7 36. g3 Rd8 37. Kc2 Ra8 38. Kb2 Rd8 39. Re2 Kf6 40.
Kc2 Ra8 41. Kd3 Rd8+ 42. Ke4 c4 43. g4 g6 44. g5+ Kf7 45. b4 Rd3 46. Rc2 Ke6
47. a3 c6 48. Re2 Kd6 49. Re3 Rd1 50. f5 gxf5+ 51. Kxf5 Rf1+ 52. Kg4 Ra1 53.
Kh5 Rxa3 54. h4 c5 55. Kh6 cxb4 56. Kxh7 b3 57. Re1 b2 58. Rb1 Rxc3 59. Rxb2
Rh3 60. Rxb5 Rxh4+ 61. Kg6 Kc6 62. Rb1 b5 63. Kf5 Rh2 64. Rg1 Kd5 65. g6 Rf2+
66. Kg4 Rf8 67. g7 Rg8 68. Kf3 Kd4 69. Ke2 Kc3 70. Kd1 Kb2 71. Rg2+ Kb1 72. Rg4
Rd8+ 73. Ke2 Re8+ 74. Kd2 Rg8 75. Kc3 Ka2 76. Rg1 b4+ 77. Kxb4 1-0

[Event "España ch 2010 sub-14"]
[Site "Linares ESP"]
[Date "2010.07.14"]
[Round "3.6"]
[White "Capote Robayna, Nathaniel"]
[Black "Garcia Acosta, Roger"]
[Result "1/2-1/2"]
[WhiteElo "1970"]
[BlackElo "1857"]
[PlyCount "48"]
[EventDate "2010.07.13"]
[EventType "swiss"]
[EventRounds "9"]
[EventCountry "ESP"]
[Source "lmi"]
[SourceDate "2010.07.13"]

1. d4 d5 2. c4 e6 3. Nc3 Be7 4. cxd5 exd5 5. Qc2 Nc6 6. e3 Nb4 7. Qb1 g6 8. Bd3
Nxd3+ 9. Qxd3 Nf6 10. Nge2 O-O 11. O-O c6 12. f3 b5 13. e4 a5 14. Bh6 Re8 15.
e5 Nh5 16. Rac1 Ba6 17. Qe3 Ng7 18. Ng3 Rc8 19. Nce2 b4 20. f4 c5 21. Bxg7 Kxg7
22. f5 Kg8 23. fxg6 fxg6 24. Qf3 Rf8 1/2-1/2

[Event "España ch 2010 sub-14"]
[Site "Linares ESP"]
[Date "2010.07.14"]
[Round "3.7"]
[White "Orantes Taboada, Manuel"]
[Black "Rubio Tent, Francisco"]
[Result "0-1"]
[WhiteElo "1785"]
[BlackElo "1954"]
[PlyCount "62"]
[EventDate "2010.07.13"]
[EventType "swiss"]
[EventRounds "9"]
[EventCountry "ESP"]
[Source "lmi"]
[SourceDate "2010.07.13"]

1. e4 c6 2. Nf3 d5 3. Nc3 Bg4 4. h3 Bxf3 5. Qxf3 e6 6. d3 Nd7 7. g4 Bb4 8. Bd2
d4 9. Nb1 Bxd2+ 10. Nxd2 e5 11. Bg2 Ne7 12. h4 Ng6 13. Qg3 Nf4 14. Bf3 h6 15.
h5 Qb6 16. O-O-O f6 17. Qg1 a5 18. Qe1 Qc7 19. Nb1 Nc5 20. Na3 b5 21. b3 Qd6
22. Nb1 O-O 23. a3 Rfc8 24. Be2 a4 25. b4 Nce6 26. c4 dxc3 27. Nxc3 Qd4 28. Kc2
Rab8 29. Kb2 c5 30. Rb1 cxb4 31. axb4 Nxe2 0-1

[Event "España ch 2010 sub-14"]
[Site "Linares ESP"]
[Date "2010.07.14"]
[Round "3.8"]
[White "Alonso Vara, Maria"]
[Black "Moreno Ibañez, Miguel"]
[Result "0-1"]
[WhiteElo "1736"]
[BlackElo "1946"]
[PlyCount "82"]
[EventDate "2010.07.13"]
[EventType "swiss"]
[EventRounds "9"]
[EventCountry "ESP"]
[Source "lmi"]
[SourceDate "2010.07.13"]

1. e4 g6 2. d4 Bg7 3. g3 d6 4. Bg2 Nf6 5. Ne2 O-O 6. O-O e5 7. f4 Re8 8. Nbc3
Nc6 9. d5 Nd4 10. fxe5 Nxe2+ 11. Qxe2 Rxe5 12. Bf4 Re8 13. Qd2 Ng4 14. Rae1 Ne5
15. b3 Qe7 16. Bg5 f6 17. Bh6 Bd7 18. Bxg7 Kxg7 19. Ne2 a5 20. a4 b5 21. axb5
Bxb5 22. c4 Bd7 23. Rc1 Reb8 24. Nd4 h5 25. h4 Ng4 26. Qc3 Qe5 27. Ne2 a4 28.
bxa4 Rxa4 29. Rfd1 Ra2 30. Nf4 Rbb2 31. Re1 Qxc3 32. Rxc3 g5 33. Nxh5+ Kg6 34.
Bf3 Kxh5 35. hxg5 Kxg5 36. c5 Ne5 37. cxd6 cxd6 38. Bh1 Bh3 39. Rc7 Bg2 40.
Rg7+ Kh6 41. Rg8 Nf3# 0-1

[Event "España ch 2010 sub-14"]
[Site "Linares ESP"]
[Date "2010.07.14"]
[Round "3.9"]
[White "Jimenez Almeida, Luis David"]
[Black "Valero Gutierrez, Alvaro"]
[Result "1-0"]
[WhiteElo "1936"]
[BlackElo "1847"]
[PlyCount "49"]
[EventDate "2010.07.13"]
[EventType "swiss"]
[EventRounds "9"]
[EventCountry "ESP"]
[Source "lmi"]
[SourceDate "2010.07.13"]

1. Nf3 Nf6 2. c4 g6 3. Nc3 d6 4. e4 e5 5. d4 exd4 6. Nxd4 Bg7 7. f3 O-O 8. Be3
Nbd7 9. Be2 Ne5 10. Qd2 Be6 11. b3 Nc6 12. O-O Nxd4 13. Bxd4 Nd7 14. f4 f5 15.
Bf3 fxe4 16. Nxe4 Bxd4+ 17. Qxd4 Rxf4 18. Qe3 Rxf3 19. Rxf3 Bf5 20. Ng3 Ne5 21.
Rf4 Nd3 22. Rxf5 gxf5 23. Qxd3 Qg5 24. Qxf5 Qe3+ 25. Qf2 1-0

[Event "España ch 2010 sub-14"]
[Site "Linares ESP"]
[Date "2010.07.14"]
[Round "3.10"]
[White "Martin Prior, Francisco Jose"]
[Black "Garcia De Lomas Guerrero, Carlos"]
[Result "0-1"]
[WhiteElo "1710"]
[BlackElo "1915"]
[PlyCount "62"]
[EventDate "2010.07.13"]
[EventType "swiss"]
[EventRounds "9"]
[EventCountry "ESP"]
[Source "lmi"]
[SourceDate "2010.07.13"]

1. d4 Nf6 2. c4 e6 3. Nf3 d5 4. Bg5 Nbd7 5. e3 c6 6. Nc3 Qa5 7. Bxf6 Nxf6 8.
Qc2 Ne4 9. Bd3 Bb4 10. Bxe4 Bxc3+ 11. bxc3 dxe4 12. Nd2 f5 13. O-O O-O 14. f3
e5 15. fxe4 exd4 16. cxd4 Be6 17. exf5 Bxf5 18. e4 Bg6 19. Rxf8+ Rxf8 20. Rf1
Re8 21. Re1 h6 22. Nf3 Bh5 23. Rf1 Qd8 24. d5 Qe7 25. dxc6 bxc6 26. Nd2 Bg6 27.
Re1 Qc5+ 28. Kf1 Qd4 29. c5 Bf7 30. Re2 Rf8 31. Rf2 Qxf2+ 0-1

[Event "España ch 2010 sub-14"]
[Site "Linares ESP"]
[Date "2010.07.14"]
[Round "3.11"]
[White "Santos Latasa, Jaime"]
[Black "Bernal Gomez, Alejandro"]
[Result "1-0"]
[WhiteElo "2255"]
[BlackElo "1789"]
[PlyCount "81"]
[EventDate "2010.07.13"]
[EventType "swiss"]
[EventRounds "9"]
[EventCountry "ESP"]
[Source "lmi"]
[SourceDate "2010.07.13"]

1. Nf3 Nf6 2. c4 c5 3. d4 cxd4 4. Nxd4 Nc6 5. Nc2 g6 6. Nc3 Bg7 7. g3 O-O 8.
Bg2 d6 9. O-O Be6 10. b3 Qa5 11. Bb2 Rfd8 12. Nd5 Nxd5 13. Bxg7 Nc3 14. Bxc3
Qxc3 15. Ne3 Rab8 16. Nd5 Qe5 17. Qd2 b5 18. Nc7 d5 19. Nxe6 fxe6 20. cxb5 Rxb5
21. Rac1 Nb4 22. a3 Na6 23. b4 Rb7 24. Qd3 Qd6 25. e4 Rc7 26. exd5 exd5 27.
Bxd5+ Kh8 28. Rxc7 Nxc7 29. Qc3+ e5 30. Be4 Nb5 31. Qe3 Qd4 32. Qf3 Qd6 33. Rc1
Nd4 34. Qd3 Qf6 35. h4 Rf8 36. Qe3 Rd8 37. h5 Kg7 38. Rc7+ Kh8 39. hxg6 hxg6
40. Qh6+ Kg8 41. Bxg6 1-0

[Event "España ch 2010 sub-14"]
[Site "Linares ESP"]
[Date "2010.07.14"]
[Round "3.12"]
[White "Navarrete Espi, Samuel"]
[Black "Segura Santos, Luis"]
[Result "1/2-1/2"]
[WhiteElo "2057"]
[BlackElo "1788"]
[PlyCount "68"]
[EventDate "2010.07.13"]
[EventType "swiss"]
[EventRounds "9"]
[EventCountry "ESP"]
[Source "lmi"]
[SourceDate "2010.07.13"]

1. e4 c5 2. Nf3 e6 3. d4 cxd4 4. Nxd4 Nf6 5. Nc3 Nc6 6. Nxc6 bxc6 7. Bd3 d5 8.
O-O Be7 9. e5 Nd7 10. Re1 Nf8 11. Qg4 Ng6 12. b3 Qa5 13. Bd2 Bb4 14. a3 Bxc3
15. b4 Qc7 16. Bxc3 O-O 17. h4 Qe7 18. g3 Re8 19. h5 Nf8 20. Re3 a5 21. Rf3
axb4 22. Bxb4 c5 23. Bd2 Nd7 24. h6 g6 25. Re1 Ba6 26. Bxa6 Rxa6 27. Bg5 Qf8
28. Qf4 Rea8 29. Rb1 Rb6 30. Rxb6 Nxb6 31. Rb3 Rb8 32. a4 Nd7 33. a5 c4 34. Rf3
Ra8 1/2-1/2

[Event "España ch 2010 sub-14"]
[Site "Linares ESP"]
[Date "2010.07.14"]
[Round "3.13"]
[White "Acosta Sosa, Juan Manuel"]
[Black "Zurita Garcia, Marcel"]
[Result "1-0"]
[WhiteElo "2023"]
[BlackElo "1767"]
[PlyCount "43"]
[EventDate "2010.07.13"]
[EventType "swiss"]
[EventRounds "9"]
[EventCountry "ESP"]
[Source "lmi"]
[SourceDate "2010.07.13"]

1. d4 d5 2. c4 e6 3. Nc3 Nf6 4. cxd5 exd5 5. Bg5 Nbd7 6. Nf3 Be7 7. e3 c6 8.
Bd3 O-O 9. O-O Re8 10. Rb1 h6 11. Bh4 Ne4 12. Bxe7 Qxe7 13. Qc2 Ndf6 14. b4 a6
15. a4 Bd7 16. Ne5 Nxc3 17. Qxc3 Rec8 18. Qc5 Qd8 19. Qc2 b5 20. Rfc1 Ne8 21.
Bh7+ Kf8 22. Qc5+ 1-0

[Event "España ch 2010 sub-14"]
[Site "Linares ESP"]
[Date "2010.07.14"]
[Round "3.14"]
[White "Coll Reurer, Rosa"]
[Black "Nicolas Zapata, Irene"]
[Result "0-1"]
[WhiteElo "1371"]
[BlackElo "1962"]
[PlyCount "52"]
[EventDate "2010.07.13"]
[EventType "swiss"]
[EventRounds "9"]
[EventCountry "ESP"]
[Source "lmi"]
[SourceDate "2010.07.13"]

1. f4 c5 2. Nf3 Nc6 3. e3 g6 4. Be2 Bg7 5. O-O Nf6 6. b3 O-O 7. Bb2 a6 8. d3 b5
9. Ne5 Bb7 10. Bf3 Qb6 11. Nd2 d5 12. Kh1 Rad8 13. Qe2 Nxe5 14. Bxe5 Rd7 15.
Qf2 Rfd8 16. Bb2 Ne4 17. dxe4 Bxb2 18. Rab1 Bc3 19. e5 Qa5 20. Rbd1 Qxa2 21.
Nb1 Bb2 22. Rd2 b4 23. c3 bxc3 24. Nxc3 Qxb3 25. Nxd5 Bxd5 26. Rxb2 Qa3 0-1

[Event "España ch 2010 sub-14"]
[Site "Linares ESP"]
[Date "2010.07.14"]
[Round "3.15"]
[White "Iglesias Garcia, Jorge"]
[Black "Pardo Gomez, Jose Ramon"]
[Result "1-0"]
[WhiteElo "1958"]
[BlackElo "1710"]
[PlyCount "133"]
[EventDate "2010.07.13"]
[EventType "swiss"]
[EventRounds "9"]
[EventCountry "ESP"]
[Source "lmi"]
[SourceDate "2010.07.13"]

1. d4 Nf6 2. c4 e6 3. Nc3 Bb4 4. Bd2 b6 5. Nf3 Bb7 6. a3 Be7 7. Bf4 d6 8. e3
Nbd7 9. Be2 O-O 10. O-O Rc8 11. Rc1 a6 12. b4 c5 13. Qb3 Ba8 14. Rfd1 Nh5 15.
Bg3 Nxg3 16. hxg3 f5 17. Nd2 Qc7 18. Bf3 Bf6 19. Bxa8 Rxa8 20. Nf3 Rac8 21. Ne2
g5 22. Qd3 Rcd8 23. d5 Ne5 24. Nxe5 dxe5 25. Qc2 Qe7 26. Qb3 exd5 27. bxc5 dxc4
28. Qxc4+ Qf7 29. Qxf7+ Kxf7 30. cxb6 Rxd1+ 31. Rxd1 Rb8 32. Rb1 Rb7 33. Nc3
Ke6 34. e4 Bd8 35. exf5+ Kxf5 36. Na4 e4 37. Kf1 Be7 38. Rc1 Bd8 39. Rc6 h5 40.
Ke2 h4 41. gxh4 gxh4 42. f3 exf3+ 43. Kxf3 Ke5 44. Nc5 Rf7+ 45. Kg4 Rg7+ 46.
Kh3 Rg3+ 47. Kh2 Bxb6 48. Rxb6 Rxa3 49. Rxa6 Rxa6 50. Nxa6 Kf5 51. Kh3 Kg5 52.
Nb4 Kh5 53. Nc2 Kg5 54. Ne1 Kh5 55. Nf3 Kg6 56. Nxh4+ Kh6 57. g4 Kg5 58. Nf3+
Kg6 59. Kh4 Kh6 60. Ne5 Kh7 61. Kh5 Kg7 62. Nd3 Kh7 63. Nf2 Kg7 64. Kg5 Kh7 65.
Kf6 Kg8 66. g5 Kf8 67. g6 1-0

[Event "España ch 2010 sub-14"]
[Site "Linares ESP"]
[Date "2010.07.14"]
[Round "3.16"]
[White "Herrera Gonzalez, Javier"]
[Black "Prado Acebo, Ines"]
[Result "1-0"]
[WhiteElo "1868"]
[BlackElo "1552"]
[PlyCount "59"]
[EventDate "2010.07.13"]
[EventType "swiss"]
[EventRounds "9"]
[EventCountry "ESP"]
[Source "lmi"]
[SourceDate "2010.07.13"]

1. d4 d5 2. Nf3 Nf6 3. g3 e6 4. Bg2 Be7 5. O-O O-O 6. c4 Nbd7 7. Nc3 c6 8. Ne5
Nxe5 9. dxe5 Nd7 10. Bf4 b6 11. cxd5 cxd5 12. Nxd5 exd5 13. Bxd5 g5 14. Bxa8
gxf4 15. gxf4 Kh8 16. Kh1 Qe8 17. Bf3 Bh4 18. Qd4 f6 19. e6 Nc5 20. f5 Bg5 21.
b4 Na6 22. e3 Qb5 23. Be4 Rg8 24. Rg1 Qe8 25. Rxg5 Rxg5 26. Qxf6+ Rg7 27. Rg1
Qe7 28. Qxe7 Rxe7 29. f6 Bb7 30. Bxb7 1-0

[Event "España ch 2010 sub-14"]
[Site "Linares ESP"]
[Date "2010.07.14"]
[Round "3.17"]
[White "Ventura Bolet, Maxim"]
[Black "Garcia-Castany Musellas, Gal.la"]
[Result "1/2-1/2"]
[WhiteElo "1846"]
[BlackElo "1753"]
[PlyCount "23"]
[EventDate "2010.07.13"]
[EventType "swiss"]
[EventRounds "9"]
[EventCountry "ESP"]
[Source "lmi"]
[SourceDate "2010.07.13"]

1. c4 e6 2. g3 d5 3. Nf3 dxc4 4. Qa4+ c6 5. Qxc4 b5 6. Qc2 Nf6 7. Bg2 Bb7 8. d4
Nbd7 9. O-O c5 10. dxc5 Bxc5 11. a3 Qc7 12. Qd3 1/2-1/2

[Event "España ch 2010 sub-14"]
[Site "Linares ESP"]
[Date "2010.07.14"]
[Round "3.18"]
[White "Lopez Martin, Jaime"]
[Black "Marchena Hurtado, Javier"]
[Result "1-0"]
[WhiteElo "1757"]
[BlackElo "1812"]
[PlyCount "71"]
[EventDate "2010.07.13"]
[EventType "swiss"]
[EventRounds "9"]
[EventCountry "ESP"]
[Source "lmi"]
[SourceDate "2010.07.13"]

1. c4 c6 2. e4 d5 3. exd5 cxd5 4. d4 Nf6 5. Nc3 e6 6. Bf4 Be7 7. c5 O-O 8. b4
b6 9. Rb1 Bd7 10. Nb5 Bxb5 11. Bxb5 a6 12. Ba4 Ne4 13. Ne2 bxc5 14. f3 Nd6 15.
Bxd6 Bxd6 16. bxc5 Qa5+ 17. Kf2 Bc7 18. Qb3 Ra7 19. f4 Rd8 20. Qb4 Qxb4 21.
Rxb4 Nd7 22. Bxd7 Rxd7 23. Rhb1 Rd8 24. Rb7 Rxb7 25. Rxb7 Rc8 26. Ra7 a5 27.
Ke3 Bd8 28. Nc3 Kf8 29. Rb7 Rc7 30. Rb8 Ke7 31. Nb5 Rc6 32. Rb7+ Kf8 33. Na7
Rc7 34. Rxc7 Bxc7 35. Nb5 Bb8 36. c6 1-0

[Event "España ch 2010 sub-14"]
[Site "Linares ESP"]
[Date "2010.07.14"]
[Round "3.20"]
[White "Martinez Hernandez, Paula"]
[Black "Ballester Llagaria, Luis Eduardo"]
[Result "1/2-1/2"]
[WhiteElo "1689"]
[BlackElo "2056"]
[PlyCount "115"]
[EventDate "2010.07.13"]
[EventType "swiss"]
[EventRounds "9"]
[EventCountry "ESP"]
[Source "lmi"]
[SourceDate "2010.07.13"]

1. e4 c5 2. Nc3 e6 3. d3 Nc6 4. Nge2 Nge7 5. g3 g6 6. Bg2 Bg7 7. O-O O-O 8. f4
d6 9. Be3 Nd4 10. Qd2 Rb8 11. Nd1 b5 12. c3 Nxe2+ 13. Qxe2 Ba6 14. Qd2 Qc7 15.
Re1 b4 16. Rc1 bxc3 17. bxc3 d5 18. e5 Qa5 19. Bf1 Qa3 20. d4 c4 21. Qc2 Nc6
22. Rb1 Rxb1 23. Qxb1 Rb8 24. Qc2 Bb5 25. Bc1 Qa5 26. Qd2 Bf8 27. Re2 Ba4 28.
Nb2 Nxd4 29. cxd4 c3 30. Qe1 cxb2 31. Qxa5 bxc1=Q 32. Qxa4 Rb1 33. Rf2 Qe3 34.
Qc2 Rb4 35. Qd2 Qxd4 36. Qxd4 Rxd4 37. Rc2 Ra4 38. Bb5 Ra5 39. Be8 Bc5+ 40. Kg2
Kf8 41. Bc6 Ke7 42. a4 f6 43. Bb5 Bb6 44. Rc6 fxe5 45. fxe5 a6 46. Rxb6 axb5
47. axb5 Ra2+ 48. Kh3 Rb2 49. Rb7+ Kd8 50. Rxh7 Rxb5 51. Rg7 d4 52. Rxg6 d3 53.
Rxe6 Rd5 54. Rf6 d2 55. Rf1 d1=Q 56. Rxd1 Rxd1 57. Kg4 Ke7 58. h4 1/2-1/2